Paroles : De temps en temps - Grégory Lemarchal - Statistiques

Statistiques générales
  • Ce quiz a été pris 102 fois
  • Le résultat moyen est 280 sur 341
Statistiques - réponses
Paroles % Correct
Te
100%
De
98%
En
98%
Je
98%
Temps
98%
La
96%
96%
À
94%
Le
94%
Me
94%
Rêve
92%
Au
88%
Bien
88%
Des
88%
Fais
88%
Sous
88%
Va
88%
Et
84%
Que
84%
Regard
84%
Relève
84%
Ton
84%
Tout
84%
Con
82%
Main
82%
Prends
82%
J'ai
80%
Poids
80%
Rêves
80%
Bouscule
78%
Loin
78%
78%
Plus
78%
Rien
78%
Crépuscule
76%
D'aller
76%
Parce
76%
Ris
76%
J'aime
73%
Souvent
73%
Sens
71%
Très
71%
Ce
69%
Du
69%
Rejoins
69%
Suis
69%
Contre
67%
Jusqu'au
67%
Matin
67%
Peur
67%
Rancoeur
67%
Cœur
65%
Mes
65%
L'espérance
63%
Vais
63%
Ayant
61%
Erreurs
61%
Fort
61%
J'avance
61%
Parfois
61%
Craque
59%
Fil
59%
Coups
57%
Dans
57%
Dos
57%
Peine
57%
C'est
55%
Corps
55%
Flèches
55%
Pas
55%
Pense
55%
Sort
55%
Fond
51%
Mots
51%
Plantées
51%
Tort
51%
Enfance
49%
Jeux
49%
Voir
49%
Conneries
47%
Nos
47%
Notre
47%
Peut
47%
Qu'on
47%
Avoir
45%
Efforts
45%
Encore
45%
Larmes
45%
Plie
45%
L'amour
43%
Bout
41%
Collées
41%
J'attends
41%
L'innocence
41%
Souffrances
41%
Moi
39%
Pour
39%
Regrette
39%
Soit
39%
Être
37%
N'ai
37%
Paix
37%
Respect
37%
Veux
33%
Aucun quiz correspondant
Distribution des résultats
% des personnes avec chaque résultat
Percentile par nombre de réponses
Votre historique - résultats
Vous n’avez pas pris ce quiz